[Event "VI MFSz Turniej Otwarty"]
[Site "Ostroda"]
[Date "2009.08.08"]
[Round "3.3"]
[White "Puczylowski, Marcin"]
[Black "Szymanowski, Mateusz"]
[Result "1-0"]
[WhiteElo "2017"]
[BlackElo "1600"]
[PlyCount "72"]
[EventDate "2009.??.??"]

1. d4 Nf6 2. Nc3 g6 3. e4 d6 4. f4 Bg7 5. Nf3 O-O 6. Bc4 Nxe4 7. Bxf7+ Rxf7 8.
Nxe4 Bg4 9. O-O h6 10. h3 Bxf3 11. Rxf3 Qc8 12. c3 Nd7 13. Qd3 Nf6 14. Ng3 Kh7
15. f5 g5 16. Bd2 d5 17. Re1 Qd7 18. Rff1 b6 19. Qf3 Raf8 20. Re2 Kh8 21. Rfe1
c5 22. dxc5 bxc5 23. Be3 Qc6 24. c4 Rc8 25. Bd2 Bf8 26. Re6 Qd7 27. Nh5 dxc4
28. Bc3 Bg7 29. Nxg7 Kxg7 30. Qh5 Rh8 31. Qg6+ Kf8 32. Rxe7 Qxe7 33. Rxe7 Kxe7
34. Bxf6+ Rxf6 35. Qg7+ Rf7 36. Qxh8 Rxf5 1-0

[Event "VI MFSz Turniej Otwarty"]
[Site "Ostroda"]
[Date "2009.08.08"]
[Round "3.4"]
[White "Glatty, Zbigniew"]
[Black "Tuszynski, Eugeniusz"]
[Result "1-0"]
[WhiteElo "1924"]
[BlackElo "1792"]
[PlyCount "128"]
[EventDate "2009.??.??"]

1. e4 c5 2. Nf3 d6 3. d4 cxd4 4. Nxd4 Nf6 5. Nc3 g6 6. Be3 Bg7 7. f3 Nc6 8. Qd2
Bd7 9. O-O-O Rc8 10. Kb1 Ne5 11. Bh6 Bxh6 12. Qxh6 Qa5 13. Qd2 Nc4 14. Bxc4
Rxc4 15. Nd5 Qxd2 16. Nxf6+ exf6 17. Rxd2 Ke7 18. Rhd1 Rd8 19. b3 Rc7 20. c4 a6
21. a4 b5 22. cxb5 axb5 23. axb5 Rb7 24. Kb2 Bxb5 25. Nxb5 Rxb5 26. Rd5 Rb6 27.
R1d4 Rdb8 28. Rd3 h5 29. R5d4 R8b7 30. Ra4 Ke6 31. Ra8 Ke7 32. Ra4 Ke6 33. Ra5
Ke7 34. Ka3 Ke6 35. Rc3 Ke7 36. Ra4 Ke6 37. b4 f5 38. exf5+ Kxf5 39. Rb3 Ke5
40. Ra8 Kd4 41. Ka4 Kc4 42. Rc8+ Kd4 43. b5 Ra7+ 44. Kb4 Rab7 45. Ka5 d5 46.
Rb4+ Ke5 47. f4+ Kd6 48. Rd8+ Ke6 49. g3 f6 50. h3 Rd6 51. Rxd6+ Kxd6 52. Ka6
Rb8 53. Rb1 d4 54. Ka7 Rd8 55. b6 Kd5 56. b7 d3 57. b8=Q Rxb8 58. Kxb8 Ke4 59.
Kc7 h4 60. g4 Kxf4 61. Rf1+ Ke5 62. Rf3 f5 63. gxf5 gxf5 64. Rxd3 Kf4 1-0

[Event "VI MFSz Turniej Otwarty"]
[Site "Ostroda"]
[Date "2009.08.08"]
[Round "3.6"]
[White "Gajek, Radoslaw"]
[Black "Dzionk, Agata"]
[Result "1-0"]
[WhiteElo "1785"]
[BlackElo "1861"]
[PlyCount "79"]
[EventDate "2009.??.??"]

1. e4 d5 2. Nc3 d4 3. Nce2 e5 4. Nf3 Nc6 5. Ng3 Nge7 6. Bb5 Bd7 7. O-O Ng6 8.
d3 Be7 9. Nf5 Bf6 10. a4 a6 11. Bc4 Bxf5 12. exf5 Nge7 13. Ng5 Bxg5 14. Bxg5
Qd6 15. Qh5 g6 16. fxg6 fxg6 17. Qg4 Rf8 18. f4 Rf5 19. Qh4 O-O-O 20. Bb5 Rxg5
21. Qxg5 axb5 22. axb5 Nb8 23. fxe5 Qe6 24. Rf6 Qd5 25. Qg4+ Nf5 26. Rxf5 gxf5
27. Qxf5+ Qd7 28. e6 Qd5 29. Qg4 Re8 30. Re1 Qxb5 31. Rf1 Qe5 32. e7+ Nd7 33.
Ra1 Qe3+ 34. Kf1 Kb8 35. Qxd7 Qf4+ 36. Kg1 Qe3+ 37. Kh1 Qxe7 38. Qxd4 b6 39. h3
Qg5 40. Qa4 1-0

[Event "VI MFSz Turniej Otwarty"]
[Site "Ostroda"]
[Date "2009.08.08"]
[Round "3.7"]
[White "Zajaczkowski, Jan"]
[Black "Moszczenski, Milosz"]
[Result "1-0"]
[WhiteElo "2033"]
[BlackElo "1445"]
[PlyCount "97"]
[EventDate "2009.??.??"]

1. e4 e6 2. d4 d5 3. e5 c5 4. c3 Nc6 5. Nf3 Qb6 6. a3 c4 7. Nbd2 Na5 8. Be2 Ne7
9. O-O Ng6 10. g3 Be7 11. Ne1 Bd7 12. Ng2 O-O 13. h4 f6 14. h5 Nh8 15. f4 fxe5
16. fxe5 Nf7 17. Nf3 Nb3 18. Rb1 Nxc1 19. Qxc1 Ba4 20. Bd1 Bxd1 21. Qxd1 Ng5
22. Nf4 Ne4 23. Kg2 Rf5 24. Nd2 Nxd2 25. Qxd2 Bg5 26. Qe2 Raf8 27. Nh3 Be7 28.
Rxf5 Rxf5 29. Rf1 Rxf1 30. Kxf1 a5 31. Qg4 Qc6 32. h6 g6 33. Nf4 Bf8 34. Nxg6
hxg6 35. Qxg6+ Kh8 36. Qf6+ Kg8 37. h7+ Kxh7 38. Qxf8 Qd7 39. Kg2 Qg7 40. Qxg7+
Kxg7 41. Kf3 Kh6 42. a4 Kh5 43. Kf4 Kg6 44. Kg4 Kh6 45. Kh4 Kg6 46. g4 Kh6 47.
g5+ Kg6 48. Kg4 b6 49. Kh4 1-0

[Event "VI MFSz Turniej Otwarty"]
[Site "Ostroda"]
[Date "2009.08.08"]
[Round "3.9"]
[White "Kapica, Pawel"]
[Black "Pawlowski, Dariusz"]
[Result "1-0"]
[WhiteElo "1869"]
[BlackElo "1729"]
[PlyCount "75"]
[EventDate "2009.??.??"]

1. d4 d5 2. c4 c6 3. Nc3 Nf6 4. Nf3 a6 5. e3 b5 6. cxb5 cxb5 7. Bd3 Bg4 8. e4
dxe4 9. Nxe4 Nbd7 10. O-O e6 11. Bf4 Qb6 12. a4 Nxe4 13. Bxe4 Rc8 14. Rc1 Qd8
15. Qb3 Bxf3 16. Bxf3 Be7 17. Rxc8 Qxc8 18. Rc1 Qd8 19. axb5 axb5 20. Qxb5 O-O
21. Bc7 Qc8 22. Bb7 Qe8 23. Bc6 Bf6 24. Bxd7 Qa8 25. Qc5 g6 26. b4 Qa3 27. b5
Qb2 28. Qc3 Qa2 29. b6 Qd5 30. Bc6 Qg5 31. f4 Qf5 32. b7 Qg4 33. Bf3 Qf5 34.
b8=Q Rxb8 35. Bxb8 Qb5 36. Bd6 Qa4 37. Qc8+ Kg7 38. Qf8# 1-0

[Event "VI MFSz Turniej Otwarty"]
[Site "Ostroda"]
[Date "2009.08.08"]
[Round "3.10"]
[White "Kumala, Aleksander"]
[Black "Stachowicz, Feliks"]
[Result "0-1"]
[WhiteElo "1858"]
[BlackElo "1680"]
[PlyCount "88"]
[EventDate "2009.??.??"]

1. e4 c6 2. d4 d5 3. Nc3 dxe4 4. Nxe4 Nd7 5. c3 Ngf6 6. Nxf6+ Nxf6 7. Bc4 b5 8.
Bd3 Bg4 9. Nf3 e6 10. Bg5 Be7 11. h3 Bh5 12. g4 Bg6 13. Bxg6 hxg6 14. Ne5 Qd5
15. f3 Bd6 16. Qe2 a6 17. Rd1 c5 18. Bf4 c4 19. Kf2 Rd8 20. Kg2 Qb7 21. Rhe1
Nd5 22. Bg3 Kf8 23. Qe4 Bxe5 24. Bxe5 Qe7 25. Bg3 Qf6 26. Qe5 Qe7 27. Rd2 g5
28. Rde2 Rh6 29. Rf2 b4 30. cxb4 Nxb4 31. f4 Nd3 32. Qe3 Nxe1+ 33. Qxe1 gxf4
34. Bxf4 Rg6 35. Qe4 Kg8 36. Kg3 Qd7 37. Be5 Qd5 38. Qf4 f6 39. h4 fxe5 40.
Qf7+ Kh7 41. h5 Rg5 42. h6 Qd7 43. Kh4 Qxf7 44. Rxf7 Kxh6 0-1

[Event "VI MFSz Turniej Otwarty"]
[Site "Ostroda"]
[Date "2009.08.08"]
[Round "3.11"]
[White "Hekman, Dominik"]
[Black "Gorniewicz, Oskar"]
[Result "1/2-1/2"]
[WhiteElo "1647"]
[BlackElo "1844"]
[PlyCount "46"]
[EventDate "2009.??.??"]

1. e4 d6 2. d4 Nf6 3. Nc3 g6 4. Be3 Bg7 5. f3 c6 6. Qd2 d5 7. e5 Ng8 8. Bd3 c5
9. Bb5+ Bd7 10. Bxd7+ Qxd7 11. f4 cxd4 12. Bxd4 Nh6 13. Nf3 O-O 14. O-O-O Nc6
15. h3 Rfd8 16. g4 b5 17. Bc5 e6 18. Bd6 Na5 19. b3 Nb7 20. Ba3 a5 21. Bb2 Qc6
22. Nd4 Qb6 23. Ndxb5 d4 1/2-1/2

[Event "VI MFSz Turniej Otwarty"]
[Site "Ostroda"]
[Date "2009.08.08"]
[Round "3.12"]
[White "Jadanowska, Beata"]
[Black "Kotlowska, Anna"]
[Result "1-0"]
[WhiteElo "1831"]
[BlackElo "1645"]
[PlyCount "61"]
[EventDate "2009.??.??"]

1. d4 d5 2. c4 c6 3. Nf3 Bg4 4. e3 e6 5. h3 Bh5 6. Nc3 Nf6 7. Bd3 Nbd7 8. O-O
dxc4 9. Bxc4 Bd6 10. e4 Be7 11. Bg5 Qc8 12. Rc1 O-O 13. Qd3 h6 14. Bd2 Bg6 15.
Nh4 Bh7 16. f4 Rd8 17. Qe2 Nb6 18. Bb3 Rxd4 19. f5 exf5 20. Nxf5 Bxf5 21. Rxf5
Qd7 22. Be3 Rxe4 23. Rxf6 Rxe3 24. Rxf7 Rxe2 25. Rxe7+ Kh8 26. Rxd7 Rxb2 27.
Rf1 Re8 28. Rff7 Re1+ 29. Kh2 Nd5 30. Nxd5 cxd5 31. Bxd5 1-0

[Event "VI MFSz Turniej Otwarty"]
[Site "Ostroda"]
[Date "2009.08.09"]
[Round "4.2"]
[White "Januszewski, Piotr"]
[Black "Puczylowski, Marcin"]
[Result "0-1"]
[WhiteElo "1874"]
[BlackElo "2017"]
[PlyCount "54"]
[EventDate "2009.??.??"]

1. e4 c5 2. Nc3 Nc6 3. Bc4 d6 4. f4 a6 5. Nf3 e6 6. O-O g6 7. a4 Bg7 8. d3 Nge7
9. Qe1 Nd4 10. Qf2 Rb8 11. Be3 Nec6 12. Nd1 b5 13. Ba2 bxa4 14. c3 Nb3 15. Bxb3
axb3 16. e5 dxe5 17. fxe5 Qc7 18. Bxc5 Nxe5 19. Nxe5 Bxe5 20. d4 Bxh2+ 21. Kh1
f5 22. Ne3 Bg3 23. Qe2 Qg7 24. Nxf5 gxf5 25. Rxf5 h5 26. Rxa6 Qg6 27. Rf1 Qg4
0-1

[Event "VI MFSz Turniej Otwarty"]
[Site "Ostroda"]
[Date "2009.08.09"]
[Round "4.3"]
[White "Reza, Wojciech"]
[Black "Glatty, Zbigniew"]
[Result "1-0"]
[WhiteElo "1806"]
[BlackElo "1924"]
[PlyCount "139"]
[EventDate "2009.??.??"]

1. e4 e5 2. Nf3 Nc6 3. Bb5 a6 4. Ba4 Nf6 5. O-O Be7 6. Re1 b5 7. Bb3 d6 8. c3
O-O 9. h3 Na5 10. Bc2 c5 11. d3 Nc6 12. Nbd2 Ne8 13. Nf1 f5 14. Ne3 f4 15. Nd5
Nf6 16. a4 Rb8 17. axb5 axb5 18. Bb3 Kh8 19. d4 exd4 20. cxd4 c4 21. Nxe7 Qxe7
22. Bc2 Nd7 23. Bd2 Qf6 24. e5 dxe5 25. dxe5 Qe7 26. b3 Nc5 27. bxc4 bxc4 28.
Bc3 Be6 29. Qd6 Qxd6 30. exd6 Bf5 31. Bxf5 Rxf5 32. Red1 Kg8 33. Nd2 Ne5 34.
Ra7 Rb7 35. Ra5 Nc6 36. Ra8+ Rb8 37. Rxb8+ Nxb8 38. Nxc4 Ncd7 39. Re1 Nc6 40.
Re7 Rf7 41. Re8+ Rf8 42. Rxf8+ Kxf8 43. Kf1 Kf7 44. Ke2 g5 45. Kf3 Ke6 46. Kg4
Nc5 47. f3 Kd5 48. Nd2 Ne6 49. Ne4 Ncd8 50. Bf6 Nf7 51. Nxg5 Nfxg5 52. Bxg5
Kxd6 53. Bxf4+ Ke7 54. Be3 Kf7 55. Kf5 Ke7 56. g4 Kf7 57. h4 Ke7 58. Ke5 Kf7
59. f4 Nf8 60. f5 Nd7+ 61. Kf4 Nf6 62. Bd4 Nd5+ 63. Ke4 Ne7 64. g5 Nc6 65. Bc3
Ne7 66. h5 Nc6 67. g6+ Kg8 68. Kd5 Nd8 69. Ba5 Nb7 70. Bb6 1-0

[Event "VI MFSz Turniej Otwarty"]
[Site "Ostroda"]
[Date "2009.08.09"]
[Round "4.4"]
[White "Stachowicz, Feliks"]
[Black "Gajek, Radoslaw"]
[Result "1-0"]
[WhiteElo "1680"]
[BlackElo "1785"]
[PlyCount "83"]
[EventDate "2009.??.??"]

1. d4 Nf6 2. Nf3 c5 3. c4 g6 4. Nc3 Bg7 5. Bf4 O-O 6. e3 b6 7. Be2 Bb7 8. O-O
d5 9. dxc5 bxc5 10. Qb3 Ba6 11. Nb5 Bxb5 12. cxb5 Nbd7 13. a4 Qa5 14. Rab1 Nb6
15. Bd1 Ne4 16. Bc7 e6 17. Bc2 Rfc8 18. Bxb6 axb6 19. Qd3 Qb4 20. Qe2 h6 21.
Rfd1 c4 22. Nd4 c3 23. Nc6 Qc5 24. b4 Qf8 25. f3 Nd2 26. Rxd2 cxd2 27. Qxd2 Qd6
28. f4 e5 29. e4 d4 30. fxe5 Bxe5 31. g3 Bg7 32. Bb3 Rc7 33. a5 d3 34. Bd5 bxa5
35. bxa5 Qc5+ 36. Kg2 Rb7 37. Qxd3 Rc8 38. a6 Rb6 39. Qf1 Rf8 40. a7 Rxc6 41.
bxc6 Qxa7 42. Rb7 1-0

[Event "VI MFSz Turniej Otwarty"]
[Site "Ostroda"]
[Date "2009.08.09"]
[Round "4.6"]
[White "Wodzynski, Michal"]
[Black "Kapica, Pawel"]
[Result "1-0"]
[WhiteElo "1996"]
[BlackElo "1869"]
[PlyCount "61"]
[EventDate "2009.??.??"]

1. e4 c5 2. Nf3 d6 3. d4 cxd4 4. Qxd4 Nc6 5. Bb5 Bd7 6. Bxc6 Bxc6 7. Nc3 Nf6 8.
Bg5 e6 9. O-O-O Be7 10. Rhe1 O-O 11. Kb1 Qc7 12. Qd3 Rfd8 13. Nd4 Rac8 14. f4
h6 15. h4 b5 16. e5 dxe5 17. fxe5 hxg5 18. hxg5 Nd5 19. Rh1 Nxc3+ 20. bxc3 Bxg5
21. Qh7+ Kf8 22. Nxe6+ fxe6 23. Rdf1+ Qf7 24. Rxf7+ Kxf7 25. Rf1+ Ke8 26. Qg6+
Kd7 27. Qxg5 Bd5 28. Rf7+ Kc6 29. Qe7 a6 30. Qb7+ Kc5 31. Rc7+ 1-0

[Event "VI MFSz Turniej Otwarty"]
[Site "Ostroda"]
[Date "2009.08.09"]
[Round "4.7"]
[White "Moszczenski, Milosz"]
[Black "Ciesielski, Tomasz"]
[Result "0-1"]
[WhiteElo "1445"]
[BlackElo "1886"]
[PlyCount "38"]
[EventDate "2009.??.??"]

1. Nf3 d5 2. c4 e6 3. g3 b6 4. cxd5 exd5 5. Bg2 Nf6 6. d4 Be7 7. Qc2 O-O 8. O-O
c5 9. Nc3 Nc6 10. dxc5 bxc5 11. a3 Be6 12. Rd1 Rc8 13. e4 d4 14. Na4 Na5 15.
Nd2 c4 16. e5 Nd5 17. Ne4 Nb3 18. Rb1 Qa5 19. Nac3 dxc3 0-1

[Event "VI MFSz Turniej Otwarty"]
[Site "Ostroda"]
[Date "2009.08.09"]
[Round "4.8"]
[White "Dzionk, Agata"]
[Black "Renkowski, Piotr"]
[Result "1-0"]
[WhiteElo "1861"]
[BlackElo "1688"]
[PlyCount "51"]
[EventDate "2009.??.??"]

1. e4 e5 2. f4 exf4 3. Nf3 g5 4. Bc4 d6 5. O-O Bg7 6. d4 Bg4 7. c3 h6 8. Qb3
Bh5 9. Bxf4 gxf4 10. Qb5+ Nc6 11. Qxh5 Qd7 12. e5 dxe5 13. Nxe5 Nxe5 14. dxe5
O-O-O 15. Bxf7 Qe7 16. Qg4+ Kb8 17. Qxg7 Qc5+ 18. Kh1 Ne7 19. Qf6 Nc6 20. e6
Qb5 21. Nd2 Qxb2 22. Ne4 Qa3 23. Rxf4 Qa4 24. Nc5 Qb5 25. e7 Qxc5 26. exd8=Q+
1-0

[Event "VI MFSz Turniej Otwarty"]
[Site "Ostroda"]
[Date "2009.08.09"]
[Round "4.9"]
[White "Gorniewicz, Oskar"]
[Black "Szymanowski, Mateusz"]
[Result "1/2-1/2"]
[WhiteElo "1844"]
[BlackElo "1600"]
[PlyCount "76"]
[EventDate "2009.??.??"]

1. d4 Nf6 2. c4 g6 3. Nc3 Bg7 4. e4 d6 5. Nf3 O-O 6. Be2 e5 7. O-O Nc6 8. d5
Ne7 9. b4 Nd7 10. Qb3 f5 11. c5 Kh8 12. Ng5 Nf6 13. f3 h6 14. Ne6 Bxe6 15. dxe6
d5 16. Nxd5 fxe4 17. Nxe7 Qxe7 18. fxe4 Nxe4 19. Be3 Nf6 20. a4 Rad8 21. Rad1
Rde8 22. Bc4 Ng4 23. h3 Nxe3 24. Rxf8+ Qxf8 25. Qxe3 Qe7 26. Rf1 Rf8 27. Rxf8+
Qxf8 28. Qd3 Qe8 29. Qd5 c6 30. Qd6 Bf6 31. Qc7 Qd8 32. Qxb7 Qd4+ 33. Kh1 Qxc4
34. Qc8+ Kh7 35. Qd7+ Bg7 36. e7 Qc1+ 37. Kh2 Qf4+ 38. Kg1 Qc1+ 1/2-1/2

[Event "VI MFSz Turniej Otwarty"]
[Site "Ostroda"]
[Date "2009.08.09"]
[Round "4.11"]
[White "Tuszynski, Eugeniusz"]
[Black "Hekman, Dominik"]
[Result "1-0"]
[WhiteElo "1792"]
[BlackElo "1647"]
[PlyCount "33"]
[EventDate "2009.??.??"]

1. e4 e5 2. Nf3 Nc6 3. d4 exd4 4. Nxd4 Qh4 5. Nf3 Qxe4+ 6. Be2 Nf6 7. O-O Qd5
8. Bd3 Be7 9. Nc3 Qh5 10. Nb5 Kd8 11. Bf4 d6 12. Be2 Bg4 13. Nbd4 Nxd4 14. Qxd4
Qd5 15. Qc3 Kd7 16. Ne5+ Kd8 17. Nxg4 1-0

[Event "VI MFSz Turniej Otwarty"]
[Site "Ostroda"]
[Date "2009.08.09"]
[Round "4.12"]
[White "Murawski, Jacek"]
[Black "Kumala, Aleksander"]
[Result "1-0"]
[WhiteElo "1619"]
[BlackElo "1858"]
[PlyCount "79"]
[EventDate "2009.??.??"]

1. d4 d5 2. c4 c6 3. Nf3 Nf6 4. Nc3 e6 5. e3 Bd6 6. Bd3 dxc4 7. Bxc4 b5 8. Bd3
a6 9. e4 Be7 10. O-O Bb7 11. Bf4 O-O 12. Rc1 Qb6 13. e5 Nfd7 14. Ne4 c5 15.
dxc5 Nxc5 16. Be3 Nbd7 17. b4 Nxd3 18. Bxb6 Bxe4 19. Rc7 Nxb6 20. Rxe7 Rfd8 21.
Qe2 Nd5 22. Qxe4 Nxe7 23. Rd1 Nb2 24. Rxd8+ Rxd8 25. h3 Nd5 26. Ng5 h6 27. Nf3
Nc3 28. Qb7 Nxa2 29. Qxa6 Nxb4 30. Qa5 Rd1+ 31. Kh2 Nd5 32. Qxb5 Nd3 33. Qe8+
Kh7 34. Qxf7 Nxf2 35. Ng5+ hxg5 36. Qxf2 g6 37. Qf7+ Kh6 38. Qxe6 Rd2 39. Qe8
g4 40. h4 1-0

[Event "VI MFSz Turniej Otwarty"]
[Site "Ostroda"]
[Date "2009.08.09"]
[Round "4.13"]
[White "Wodzynska, Zofia"]
[Black "Wodzynski, Mieszko"]
[Result "0-1"]
[WhiteElo "1531"]
[BlackElo "1800"]
[PlyCount "52"]
[EventDate "2009.??.??"]

1. e4 e5 2. Nf3 Nc6 3. Bc4 Nf6 4. Ng5 d5 5. exd5 Na5 6. Bb5+ c6 7. dxc6 bxc6 8.
Be2 h6 9. Nf3 e4 10. Ne5 Qc7 11. d4 exd3 12. Nxd3 Bd6 13. h3 O-O 14. O-O Bf5
15. Bd2 Nc4 16. Re1 Rfe8 17. Nc3 Rad8 18. Rb1 Ne5 19. Nxe5 Bxe5 20. Qc1 Bd4 21.
Bf3 Bxh3 22. gxh3 Qg3+ 23. Bg2 Qxf2+ 24. Kh1 Nh5 25. Qd1 Ng3+ 26. Kh2 Be5 0-1

[Event "VI MFSz Turniej Otwarty"]
[Site "Ostroda"]
[Date "2009.08.10"]
[Round "5.1"]
[White "Plichta, Kamil"]
[Black "Reza, Wojciech"]
[Result "1-0"]
[WhiteElo "2039"]
[BlackElo "1806"]
[PlyCount "67"]
[EventDate "2009.??.??"]

1. d4 Nf6 2. c4 e6 3. Nc3 Bb4 4. f3 O-O 5. e4 Bxc3+ 6. bxc3 d6 7. Bg5 Nc6 8.
Bd3 e5 9. Ne2 h6 10. Bh4 g5 11. Bf2 Nh5 12. g3 Qf6 13. Ng1 exd4 14. h4 Ng7 15.
hxg5 hxg5 16. Qe2 Re8 17. f4 g4 18. O-O-O b6 19. cxd4 Nxd4 20. Qb2 c5 21. Bb1
Nge6 22. Rh4 Qg7 23. Be3 Nf3 24. Qxg7+ Nxg7 25. Nxf3 gxf3 26. Rdh1 f6 27. f5
Bxf5 28. exf5 Rxe3 29. Rh8+ Kf7 30. Rxa8 f2 31. Rxa7+ Kg8 32. Kd2 Rxg3 33. Rf1
Rg1 34. Ke2 1-0

[Event "VI MFSz Turniej Otwarty"]
[Site "Ostroda"]
[Date "2009.08.10"]
[Round "5.3"]
[White "Glatty, Zbigniew"]
[Black "Stachowicz, Feliks"]
[Result "1/2-1/2"]
[WhiteElo "1924"]
[BlackElo "1680"]
[PlyCount "79"]
[EventDate "2009.??.??"]

1. e4 c6 2. d4 d5 3. Nc3 dxe4 4. Nxe4 Bf5 5. Ng3 Bg6 6. h4 h6 7. Nf3 Nd7 8. h5
Bh7 9. Bd3 Bxd3 10. Qxd3 e6 11. Ne4 Ngf6 12. Bd2 Be7 13. O-O-O Qc7 14. Kb1
O-O-O 15. Qe2 Nxe4 16. Qxe4 Bf6 17. c4 Rhe8 18. Bf4 Qa5 19. Ne5 Nxe5 20. dxe5
Be7 21. Be3 Qa4 22. Qc2 Qa5 23. f4 Bc5 24. Bc1 Bd4 25. Qh7 Qb6 26. g4 Rg8 27.
Rh3 c5 28. Qe4 Kc7 29. Rdd3 Qc6 30. Qxc6+ Kxc6 31. Kc2 a6 32. a4 Rb8 33. a5 b5
34. axb6 Rxb6 35. Rb3 Rgb8 36. Rxb6+ Rxb6 37. Rb3 Rb4 38. Rxb4 cxb4 39. Kd3 Kc5
40. b3 1/2-1/2

[Event "VI MFSz Turniej Otwarty"]
[Site "Ostroda"]
[Date "2009.08.10"]
[Round "5.4"]
[White "Dzionk, Agata"]
[Black "Wodzynski, Michal"]
[Result "1-0"]
[WhiteElo "1861"]
[BlackElo "1996"]
[PlyCount "55"]
[EventDate "2009.??.??"]

1. e4 e5 2. f4 exf4 3. Nf3 d5 4. exd5 Bd6 5. d4 Nf6 6. Qe2+ Kf8 7. c4 c5 8.
dxc5 Bxc5 9. Bxf4 b5 10. Nc3 bxc4 11. Qxc4 Qb6 12. O-O-O Ba6 13. Qa4 Bxf1 14.
Rhxf1 Nbd7 15. Qc6 Be3+ 16. Bxe3 Qxe3+ 17. Rd2 Rb8 18. Qd6+ Qe7 19. Qxe7+ Kxe7
20. d6+ Kd8 21. Nd4 Rb6 22. Nf5 g6 23. Nh6 Rf8 24. Re1 Ne8 25. Ne4 Rc6+ 26. Kb1
Ndf6 27. Ng5 Nxd6 28. Nhxf7+ 1-0

[Event "VI MFSz Turniej Otwarty"]
[Site "Ostroda"]
[Date "2009.08.10"]
[Round "5.5"]
[White "Tuszynski, Eugeniusz"]
[Black "Zielinski, Maciej"]
[Result "0-1"]
[WhiteElo "1792"]
[BlackElo "1888"]
[PlyCount "74"]
[EventDate "2009.??.??"]

1. e4 c5 2. Nf3 e6 3. Be2 Nc6 4. d4 cxd4 5. Nxd4 Nf6 6. Nxc6 bxc6 7. Nd2 d5 8.
exd5 cxd5 9. O-O Be7 10. b3 O-O 11. Bb2 Qa5 12. Nf3 Ba6 13. Bxa6 Qxa6 14. Nd4
Rac8 15. a4 Qb6 16. Re1 Ne4 17. Re2 Bf6 18. Qd3 a6 19. Rd1 Nc5 20. Qg3 Nxa4 21.
Ba1 Nc5 22. b4 Ne4 23. Qb3 Rc4 24. c3 Rfc8 25. Re3 Bxd4 26. cxd4 Rxb4 27. Qa3
a5 28. f3 Nd6 29. Bc3 Nc4 30. Qc1 Nxe3 31. Qxe3 Rb3 32. Bxa5 Qb5 33. Qe1 Rc2
34. Bd8 Rbb2 35. Qf1 Rxg2+ 36. Qxg2 Rxg2+ 37. Kxg2 Qe2+ 0-1

[Event "VI MFSz Turniej Otwarty"]
[Site "Ostroda"]
[Date "2009.08.10"]
[Round "5.7"]
[White "Gajek, Radoslaw"]
[Black "Januszewski, Piotr"]
[Result "0-1"]
[WhiteElo "1785"]
[BlackElo "1874"]
[PlyCount "64"]
[EventDate "2009.??.??"]

1. e4 c5 2. Nf3 Nc6 3. d4 cxd4 4. Nxd4 g6 5. c4 Bg7 6. Be3 Nf6 7. Nc3 Ng4 8.
Qxg4 Nxd4 9. Qd1 Ne6 10. Be2 O-O 11. O-O d6 12. Rc1 Bd7 13. f4 Rc8 14. f5 Nc5
15. b4 Bxc3 16. bxc5 Be5 17. cxd6 exd6 18. Bf4 Bc6 19. Bd3 Qh4 20. g3 Qh3 21.
Bb1 f6 22. Bxe5 dxe5 23. Qd6 Rcd8 24. Qe6+ Rf7 25. Rf2 Qg4 26. Re1 Kg7 27. c5
Rd1 28. Rff1 Rxb1 29. Rxb1 Qxe4 30. Rb2 Qh1+ 31. Kf2 Qxh2+ 32. Ke3 Qxb2 0-1

[Event "VI MFSz Turniej Otwarty"]
[Site "Ostroda"]
[Date "2009.08.10"]
[Round "5.8"]
[White "Zajaczkowski, Jan"]
[Black "Murawski, Jacek"]
[Result "1-0"]
[WhiteElo "2033"]
[BlackElo "1619"]
[PlyCount "65"]
[EventDate "2009.??.??"]

1. e4 c5 2. Nf3 d6 3. Bb5+ Bd7 4. Qe2 g6 5. Nc3 Bxb5 6. Qxb5+ Qd7 7. Qxd7+ Kxd7
8. d4 cxd4 9. Nxd4 Bg7 10. Be3 Nc6 11. Nde2 Rc8 12. f4 f5 13. exf5 gxf5 14. O-O
Nh6 15. h3 Nf7 16. a3 Bf6 17. Rad1 Rhg8 18. Rd3 Rg6 19. Bf2 Rcg8 20. g3 h5 21.
Nd5 Bxb2 22. Rb3 Bh8 23. Rxb7+ Ke6 24. Rd1 h4 25. Kh2 hxg3+ 26. Bxg3 Nd4 27.
Nxd4+ Kxd5 28. Nxf5+ Ke6 29. Nxe7 Rxg3 30. Re1+ Kf6 31. Nd5+ Kg6 32. Kxg3 Bf6
33. Kf3 1-0

[Event "VI MFSz Turniej Otwarty"]
[Site "Ostroda"]
[Date "2009.08.10"]
[Round "5.9"]
[White "Szymanowski, Mateusz"]
[Black "Kapica, Pawel"]
[Result "0-1"]
[WhiteElo "1600"]
[BlackElo "1869"]
[PlyCount "54"]
[EventDate "2009.??.??"]

1. e4 c5 2. Nc3 d6 3. g3 Nc6 4. Bg2 g6 5. Nge2 Bg7 6. f4 e6 7. O-O Nge7 8. d3
O-O 9. Be3 b5 10. Nxb5 Rb8 11. Nbc3 Rxb2 12. Rb1 Rxb1 13. Qxb1 Qa5 14. Bd2 Ba6
15. Qb3 c4 16. dxc4 Qc5+ 17. Kh1 Na5 18. Qa4 Nxc4 19. Qxa6 Nxd2 20. Rd1 Nc4 21.
Qb5 Qc7 22. Qb3 Rb8 23. Nb5 Qc5 24. Nec3 a6 25. Bf1 axb5 26. Bxc4 Qxc4 27. Qxc4
bxc4 0-1

[Event "VI MFSz Turniej Otwarty"]
[Site "Ostroda"]
[Date "2009.08.10"]
[Round "5.12"]
[White "Jadanowska, Beata"]
[Black "Moszczenski, Milosz"]
[Result "1-0"]
[WhiteElo "1831"]
[BlackElo "1445"]
[PlyCount "91"]
[EventDate "2009.??.??"]

1. d4 Nf6 2. c4 e6 3. Nf3 Bb4+ 4. Nc3 O-O 5. Bg5 d6 6. a3 Bxc3+ 7. bxc3 Nbd7 8.
e3 b6 9. Bd3 Bb7 10. O-O c5 11. Qc2 Qc7 12. Nd2 e5 13. d5 Rae8 14. a4 Bc8 15.
h3 h6 16. Bh4 Qd8 17. Ne4 g5 18. Bg3 Nxe4 19. Bxe4 Nf6 20. Bd3 Nh5 21. Qe2 Ng7
22. Bc2 f5 23. f3 f4 24. Bf2 fxe3 25. Bxe3 Bf5 26. g4 Bxc2 27. Qxc2 Qe7 28. Qe4
Rf6 29. Kg2 Ref8 30. Rf2 Ne8 31. Rh1 Qg7 32. h4 Rg6 33. hxg5 hxg5 34. Kg1 Nf6
35. Qd3 Re8 36. Rfh2 e4 37. fxe4 Rxe4 38. Rh8+ Kf7 39. Kf2 Re8 40. Rxe8 Kxe8
41. Qf5 Nd7 42. Kg2 Ne5 43. Qc8+ Ke7 44. Rh8 Nf7 45. Re8+ Kf6 46. Qf5# 1-0

[Event "VI MFSz Turniej Otwarty"]
[Site "Ostroda"]
[Date "2009.08.10"]
[Round "5.14"]
[White "Hekman, Dominik"]
[Black "Wodzynska, Zofia"]
[Result "1-0"]
[WhiteElo "1647"]
[BlackElo "1531"]
[PlyCount "65"]
[EventDate "2009.??.??"]

1. e4 e5 2. Nf3 Nc6 3. Bc4 Nf6 4. d3 Bc5 5. Nc3 d6 6. h3 Be6 7. Bb3 Qe7 8. O-O
O-O-O 9. Be3 Bb6 10. Bxb6 axb6 11. Bd5 h6 12. Bxc6 bxc6 13. a4 g5 14. a5 bxa5
15. Rxa5 g4 16. hxg4 Bxg4 17. Qe2 Nh5 18. Rfa1 Nf4 19. Ra8+ Kd7 20. Nxe5+ Qxe5
21. Qxg4+ Ne6 22. Rxd8+ Rxd8 23. Rf1 Qh8 24. f4 Rg8 25. Qf3 Nd4 26. Qf2 Qg7 27.
e5 Nf5 28. Ne4 Kc8 29. Nf6 Rh8 30. Qa7 Kd8 31. Qb8+ Ke7 32. Qxc7+ Kf8 33. Qd8#
1-0

[Event "VI MFSz Turniej Otwarty"]
[Site "Ostroda"]
[Date "2009.08.10"]
[Round "5.15"]
[White "Kumala, Aleksander"]
[Black "Kotlowska, Anna"]
[Result "1-0"]
[WhiteElo "1858"]
[BlackElo "1645"]
[PlyCount "37"]
[EventDate "2009.??.??"]

1. e4 e5 2. Nf3 Nc6 3. d4 exd4 4. Bc4 Bb4+ 5. c3 dxc3 6. bxc3 Bc5 7. Bxf7+ Kxf7
8. Qd5+ Ke8 9. Qh5+ g6 10. Qxc5 d6 11. Qc4 Qe7 12. Bg5 Nf6 13. Nbd2 Be6 14. Qb5
Rb8 15. O-O Kf7 16. e5 dxe5 17. Ne4 Bd5 18. Bxf6 Qe6 19. Nfg5+ 1-0

[Event "VI MFSz Turniej Otwarty"]
[Site "Ostroda"]
[Date "2009.08.10"]
[Round "6.1"]
[White "Puczylowski, Marcin"]
[Black "Plichta, Kamil"]
[Result "1/2-1/2"]
[WhiteElo "2017"]
[BlackElo "2039"]
[PlyCount "120"]
[EventDate "2009.??.??"]

1. e4 c5 2. Nf3 g6 3. d4 cxd4 4. Nxd4 Nc6 5. Nc3 Bg7 6. Nde2 Nf6 7. g3 b5 8.
Bg2 b4 9. Nd5 Ba6 10. O-O Rc8 11. a3 Bxe2 12. Qxe2 Nd4 13. Qd3 Nxd5 14. exd5
Nxc2 15. Rb1 Qb6 16. axb4 Nxb4 17. Qe4 Qb7 18. Bd2 Na6 19. Qxe7+ Kxe7 20. d6+
Kxd6 21. Bxb7 Nc5 22. Bf4+ Ke7 23. Bxc8 Rxc8 24. Be3 a5 25. Rbc1 d6 26. Rc2 Kd7
27. Rfc1 Bf8 28. Kg2 Rb8 29. Bd4 Rb7 30. Rd1 Kc6 31. Rc3 Rb4 32. Re3 Rb8 33. h4
a4 34. Rde1 Ne6 35. Bf6 d5 36. Rc1+ Kd7 37. Rd3 Rb5 38. Ra1 Nc5 39. Rdd1 Kc6
40. Bc3 Rb8 41. Rac1 Rb5 42. Bd4 Kd6 43. Rc2 Nb3 44. Bf6 Nc5 45. Rdc1 Kc6 46.
Bd4 Bd6 47. Kh3 h5 48. Kg2 Ra5 49. f3 Rb5 50. Kh3 Kb6 51. Bf2 Kc6 52. Kg2 Ra5
53. f4 Rb5 54. Kf1 Kb6 55. Re1 Kb7 56. Bxc5 Bxc5 57. Ra1 Bd4 58. Rxa4 Bxb2 59.
Kg2 d4 60. Rd2 Bc3 1/2-1/2